Universe of knoweedge in library and information science (Record no. 215141)

MARC details
000 -LEADER
fixed length control field 00539nam a22001817a 4500
005 - DATE AND TIME OF LATEST TRANSACTION
control field 20260227152342.0
010 ## - LCCN (DPL NO)
LC control number BACEN26
020 ## - INTERNATIONAL STANDARD BOOK NUMBER
International Standard Book Number 9788198220608
Terms of availability 1500.00
037 ## - SOURCE OF ACQUISITION
Source of stock number/acquisition Ess Ess Publications
082 ## - DEWEY DECIMAL CLASSIFICATION NUMBER
Classification number 000
100 ## - MAIN ENTRY--PERSONAL NAME
Personal name Avneesh Kumar
245 ## - TITLE STATEMENT
Title Universe of knoweedge in library and information science
260 ## - PUBLICATION, DISTRIBUTION, ETC. (IMPRINT)
Place of publication, distribution, etc Delhi
Name of publisher, distributor, etc Ess Ess publications
Date of publication, distribution, etc 2025
270 ## - ADDRESS
Address 4831/24, Ansari Road, Darya Ganj
City New Delhi
Postal code 110002
300 ## - PHYSICAL DESCRIPTION
Extent 347p.
Dimensions 25cm(hb)
490 ## - SERIES STATEMENT
Volume number/sequential designation 1
942 ## - ADDED ENTRY ELEMENTS (KOHA)
Source of classification or shelving scheme Dewey Decimal Classification
Item type English Books
Classification part 000
Call number suffix AVN

No items available.


© Delhi Public Library
Hit Counter
free hit counter